Building materials. (4th edition) (Record no. 77816)

MARC details
000 -LEADER
fixed length control field 01350nam a2200229 a 4500
008 - FIXED-LENGTH DATA ELEMENTS--GENERAL INFORMATION
fixed length control field 190820s2012 ||||||||||||||||| || u
020 ## - INTERNATIONAL STANDARD BOOK NUMBER
International Standard Book Number 9788122433791
050 ## - LIBRARY OF CONGRESS CALL NUMBER
Classification number TA 403 Dug
100 ## - MAIN ENTRY--PERSONAL NAME
Personal name Duggal, S K
245 10 - TITLE STATEMENT
Title Building materials. (4th edition)
Statement of responsibility, etc. By S K Duggal
250 ## - EDITION STATEMENT
Edition statement 4th edition
260 ## - PUBLICATION, DISTRIBUTION, ETC.
Place of publication, distribution, etc. New Delhi
Name of publisher, distributor, etc. New Age International
Date of publication, distribution, etc. 2012
260 ## - PUBLICATION, DISTRIBUTION, ETC.
Place of publication, distribution, etc. New Delhi
Name of publisher, distributor, etc. New Age International (P) Limited, Publishers
Date of publication, distribution, etc. 2012
300 ## - PHYSICAL DESCRIPTION
Extent xviii, 594 pages [various plates] : illustrations
350 ## -
-- 22.85
650 ## - SUBJECT ADDED ENTRY--TOPICAL TERM
Topical term or geographic name entry element BUILDING MATERIALS
995 ## -
-- MAIN LIBRARY OPEN ACCESS
-- 21.47
-- 749664
-- CBU-MAIN LIBRARY (Kitwe)
-- TA 403 Dug
-- 2
-- AVAILABLE
-- Aug 21, 2019
-- 749664
-- Main Library Open Access Collection
995 ## -
-- MAIN LIBRARY OPEN ACCESS
-- 21.47
-- 749666
-- CBU-MAIN LIBRARY (Kitwe)
-- TA 403 Dug
-- 4
-- AVAILABLE
-- Aug 21, 2019
-- 749666
-- Main Library Open Access Collection
995 ## -
-- MAIN LIBRARY OPEN ACCESS
-- 21.47
-- 749665
-- CBU-MAIN LIBRARY (Kitwe)
-- TA 403 Dug
-- 3
-- AVAILABLE
-- Aug 21, 2019
-- 749665
-- Main Library Open Access Collection
995 ## -
-- SHORT LOAN BOOKS
-- 750102
-- CBU-MAIN LIBRARY (Kitwe)
-- 22.85
-- TA 403 Dug
-- 5
-- AVAILABLE
-- Nov 27, 2019
-- 750102
-- Short Loan Collection
995 ## -
-- MAIN LIBRARY OPEN ACCESS
-- 21.47
-- 749663
-- CBU-MAIN LIBRARY (Kitwe)
-- TA 403 Dug
-- 1
-- OUT
-- Aug 21, 2019
-- 749663
-- Main Library Open Access Collection
999 ## -
-- 77816
-- 77816
Holdings
Withdrawn status Lost status Source of classification or shelving scheme Damaged status Not for loan Permanent Location Current Location Shelving location Date acquired Total Checkouts Full call number Barcode Date last seen Copy number Price effective from Koha item type Checked out Date last checked out
          CBU-MAIN LIBRARY, KITWE. CBU-MAIN LIBRARY, KITWE.   05/03/2023   TA 403 Dug 749664 05/03/2023 1 05/03/2023 MONOGRAPH    
          CBU-MAIN LIBRARY, KITWE. CBU-MAIN LIBRARY, KITWE.   05/03/2023 1 TA 403 Dug 749666 12/15/2023 2 05/03/2023 MONOGRAPH 12/29/2023 12/15/2023
          CBU-MAIN LIBRARY, KITWE. CBU-MAIN LIBRARY, KITWE.   05/03/2023 3 TA 403 Dug 749665 09/20/2024 3 05/03/2023 MONOGRAPH   04/18/2024
          CBU-MAIN LIBRARY, KITWE. CBU-MAIN LIBRARY, KITWE.   05/03/2023   TA 403 Dug 750102 05/03/2023 4 05/03/2023 SHORT LOAN COLLECTION    
          CBU-MAIN LIBRARY, KITWE. CBU-MAIN LIBRARY, KITWE.   05/03/2023   TA 403 Dug 749663 05/03/2023 5 05/03/2023 MONOGRAPH